000 01192nam a22001217a 4500
999 _c164861
_d164861
082 _a
_b
100 _aSadasivan T D
245 _aThiruvithamcore charithrathil thrikkaruva panchayathinte samskarika paithrukom/
_cby Sadasivan T D.
260 _a
_bSujili,
_c2005.
300 _a530p. 530p.
650 _a
942 _cBK